000 01771nam0a22003491i 4500
001 rc\1363710
005 20260407065446.0
035 _a(NLR Aleph) 005281985
090 _a6107621
_c6107621
100 _a20060512d1867 |||y0rusy50 ca
101 1 _arus
_cger
102 _aRU
105 _aa z |||||
200 1 _aЛесные животные
_eЗвери, птицы и пресмыкающиеся
_eС 20 грав. на стали и 71 рис., рез. на дереве
_fСоч. А. Брема и Е. Россмесслера
_gПер. с нем. Н. Страхова
_gРис. Т.Ф. Циммерман; грав.: А. Крауссе, Ад. Нейман и А. Шлейх; резали Аарланд, Илльнер и Вендт
210 _aСанкт-Петербург
_cВаганов
_d1867
215 _a[12], 790 с., 1 л. фронт. (ил.), [19] л. ил.
_cил.
_d25
700 1 _8rus
_7ca
_aБрем
_bА. Э.
_f1829-1884
_gАльфред Эдмунд
_3RU\NLR\AUTH\7716106
_9125748
701 1 _8rus
_7ca
_aРоссмесслер
_bЭ. А.
_f1806-1867
_gЭмиль Адольф
_3RU\NLR\AUTH\7788483
_971411
702 1 _4730
_8rus
_7ca
_aСтрахов
_bН. Н.
_cфилософ
_f1828-1896
_gНиколай Николаевич
_3RU\NLR\AUTH\7757605
_940537
702 1 _aЦиммерман
_bТ. Ф.
_gТеодор Франц
_4440
702 1 _aКрауссе
_bА.
_4440
702 1 _aНейман
_bАд.
_4440
702 1 _aШлейх
_bА.
_4440
702 1 _aАарланд
_4440
702 1 _aИлльнер
_4440
702 1 _aВендт
_4440
801 0 _aRU
_bNLR
_c20060512
_gpsbo
801 0 _aRU
_bRuMoRGB
_c20060512
_2psbo
801 1 _aRU
_bProSoft-M
_c20060512
_2rusmarc
801 2 _aRU
_bNLR
_c20070917
_2rusmarc
852 _aNLR
_j18.96.2.9
942 _cBOOK